| 000 | 00349nam a2200145Ia 4500 | ||
|---|---|---|---|
| 008 | 230718s9999 xx 000 0 und d | ||
| 041 | _aeng | ||
| 082 |
_a621.381 _bMOT |
||
| 100 | _aMotorola | ||
| 245 | _aRectifier Device Data | ||
| 260 |
_c1995 _bMotorola |
||
| 365 |
_cRs. _b300.00 |
||
| 700 | _aMotorola | ||
| 906 |
_dB:97529-Mar-2002 _cETC _b45 |
||
| 999 |
_c303283 _d303283 |
||